Friedensgutachten 2021 : Europa kann mehr!

Bibliographic Details
Main Author: Studies, BICC Bonn International Centre for Conflict.
Other Authors: Konfliktforschung, PRIF Leibniz-Institut für Friedens- und., Hamburg, IFSH Institut für Friedensforschung und Sicherheitspolitik an der Universität., Frieden, INEF Institut für Entwicklung und.
Format: eBook
Language:German
Published: Bielefeld : transcript, 2021.
Edition:1st ed.
Series:Friedensgutachten
Subjects:
Online Access:Click to View
LEADER 01761nam a22004093i 4500
001 EBC6753709
003 MiAaPQ
005 20231204023219.0
006 m o d |
007 cr cnu||||||||
008 231204s2021 xx o ||||0 ger d
020 |a 9783839457863  |q (electronic bk.) 
020 |z 9783837657869 
035 |a (MiAaPQ)EBC6753709 
035 |a (Au-PeEL)EBL6753709 
035 |a (OCoLC)1262307963 
040 |a MiAaPQ  |b eng  |e rda  |e pn  |c MiAaPQ  |d MiAaPQ 
100 1 |a Studies, BICC Bonn International Centre for Conflict. 
245 1 0 |a Friedensgutachten 2021 :  |b Europa kann mehr! 
250 |a 1st ed. 
264 1 |a Bielefeld :  |b transcript,  |c 2021. 
264 4 |c ©2021. 
300 |a 1 online resource (154 pages) 
336 |a text  |b txt  |2 rdacontent 
337 |a computer  |b c  |2 rdamedia 
338 |a online resource  |b cr  |2 rdacarrier 
490 1 |a Friedensgutachten 
588 |a Description based on publisher supplied metadata and other sources. 
590 |a Electronic reproduction. Ann Arbor, Michigan : ProQuest Ebook Central, 2023. Available via World Wide Web. Access may be limited to ProQuest Ebook Central affiliated libraries.  
655 4 |a Electronic books. 
700 1 |a Konfliktforschung, PRIF Leibniz-Institut für Friedens- und. 
700 1 |a Hamburg, IFSH Institut für Friedensforschung und Sicherheitspolitik an der Universität. 
700 1 |a Frieden, INEF Institut für Entwicklung und. 
776 0 8 |i Print version:  |a Studies, BICC Bonn International Centre for Conflict  |t Friedensgutachten 2021  |d Bielefeld : transcript,c2021  |z 9783837657869 
797 2 |a ProQuest (Firm) 
830 0 |a Friedensgutachten 
856 4 0 |u https://ebookcentral.proquest.com/lib/matrademy/detail.action?docID=6753709  |z Click to View